| 000 | 00532nam a22001817a 4500 | ||
|---|---|---|---|
| 003 | CEME | ||
| 005 | 20210628205236.0 | ||
| 008 | 210204b xxu||||| |||| 00| 0 eng d | ||
| 020 | _a0-07-140205-5 | ||
| 040 | _c. | ||
| 082 | _a629.892 WIL | ||
| 100 |
_aWilcher, Don _974541 |
||
| 245 | _aLego mindstorms interfacing,wireless applications, electromechanical controls and software gui's | ||
| 260 |
_aNEW YORK _bMCGRAW HILL _c2002 |
||
| 300 | _aXVII,393P | ||
| 650 |
_aROBOTICS.SOFTWARE ROBOT CONTROLS _974542 |
||
| 942 |
_cBK _2ddc |
||
| 999 |
_c580061 _d580061 |
||